000 00589nam a2200229Ia 4500
003 OSt
005 20220924135557.0
006 a|||||r|||| 00| 0
007 ta
008 220923b |||||||| |||| 00| 0 ben d
024 _a291769
037 _cTextual
040 _aARTS
_cARTS
_bben
041 _2ben
_aben
082 _aO157,1M383x, H2
100 _aBandopadhyay O Das
_9210501
245 0 _aSurendra Nath Mazumdar
260 _c1942
650 _aBENGALI LITERATURE
942 _hO157,1M383x, H2
_cTEXL
_2CC
999 _c441230
_d441230